| 000 | 00594nam a2200157 4500 | ||
|---|---|---|---|
| 999 |
_c17128 _d17128 |
||
| 008 | 220607b ||||| |||| 00| 0 eng d | ||
| 022 | _a0732-8435 | ||
| 082 | _aDPer 657.05 C33 Jan - Apr 2011, v. 81 n 1 - 4 | ||
| 100 |
_aAllen, Catherine. _945509 |
||
| 245 |
_aBenefits of effective quality control systems in accounting firms: _bseeing the big picture/ _cCatherine Allen. |
||
| 260 |
_aNew York: _bThe New York State Society of CPA, _c2011. |
||
| 300 |
_aV81 n1, pages 52-57: _billustrations; _c28 cm. |
||
| 500 | _aThe CPA Journal. | ||
| 650 |
_aFirm _xAccounting. _945510 |
||
| 942 |
_2ddc _cPER |
||